000 00523nam a2200181Ia 4500
003 GCL
008 140319s9999 xx 000 0 ara d
040 _aGCL /
_cGCL
082 0 4 _aد
_b050
100 1 _aقدرى حافظ طوقان
245 1 0 _aبين البقاء والفناء ( اقرا 149 ) /
_cقدرى حافظ طوقان
300 _a159 ص
490 _aوثائق ونصوص
_v0
650 0 4 _aالطاقة الذرية
650 0 4 _aالذرة
650 0 4 _aالنظرية الذرية
942 _2ddc
_cCF
999 _c27293
_d27293